Normal view
MARC view
Entry Meeting Name
001 - CONTROL NUMBER
- control field: 15843
003 - CONTROL NUMBER IDENTIFIER
- control field: OSt
005 - DATE AND TIME OF LATEST TRANSACTION
- control field: 20211105133953.0
008 - FIXED-LENGTH DATA ELEMENTS
- fixed length control field: 211105|| aca||aabn | a|a d
040 ## - CATALOGING SOURCE
- Original cataloging agency: OSt
- Transcribing agency: OSt
111 ## - HEADING--MEETING NAME
- Meeting name or jurisdiction name as entry element: Workshop on Laboratory and Observational Infrared Spectra of Interstellar Dust
- Location of meeting: Hilo, Hawai
- Date of meeting or treaty signing: 1983 July 18-20
670 ## - SOURCE DATA FOUND
- Source citation: Work cat.: (OSt): Wolstencroft, R. D. 15842, Laboratory and observational infrared spectra of interstellar dust, 1984